<?xml version="1.0" encoding="UTF-8"?>
<record
    xmlns:xsi="http://www.w3.org/2001/XMLSchema-instance"
    xsi:schemaLocation="http://www.loc.gov/MARC21/slim http://www.loc.gov/standards/marcxml/schema/MARC21slim.xsd"
    xmlns="http://www.loc.gov/MARC21/slim">

  <leader>00660nam a2200193   4500</leader>
  <controlfield tag="003">CO-ViMGA</controlfield>
  <datafield tag="020" ind1=" " ind2=" ">
    <subfield code="a">9789588898094</subfield>
  </datafield>
  <datafield tag="040" ind1=" " ind2=" ">
    <subfield code="a">CO-ViMGA</subfield>
    <subfield code="b">spa</subfield>
    <subfield code="c">CO-ViMGA</subfield>
  </datafield>
  <datafield tag="082" ind1="0" ind2="4">
    <subfield code="a">709.9861</subfield>
    <subfield code="b">B177</subfield>
  </datafield>
  <datafield tag="110" ind1=" " ind2=" ">
    <subfield code="a">Alcald&#xED;a mayor de Bogot&#xE1;.</subfield>
    <subfield code="9">3773</subfield>
  </datafield>
  <datafield tag="245" ind1="1" ind2="0">
    <subfield code="a">XI Barrio bienal 2013 /</subfield>
    <subfield code="c">Alcald&#xED;a mayor de Bogot&#xE1;.</subfield>
  </datafield>
  <datafield tag="260" ind1=" " ind2=" ">
    <subfield code="a">Colombia:</subfield>
    <subfield code="b">Buenos y creativos SAS,</subfield>
    <subfield code="c">2014.</subfield>
  </datafield>
  <datafield tag="300" ind1=" " ind2=" ">
    <subfield code="a">95 p. :</subfield>
    <subfield code="b">il. ; 19 cm.</subfield>
  </datafield>
  <datafield tag="650" ind1="1" ind2="4">
    <subfield code="a">Arte colombiano - Siglo XXI - Cat&#xE1;logos.</subfield>
    <subfield code="9">7456</subfield>
  </datafield>
  <datafield tag="650" ind1="1" ind2="4">
    <subfield code="a">Arte colombiano - Siglo XXI - Concursos.</subfield>
    <subfield code="9">7455</subfield>
  </datafield>
  <datafield tag="650" ind1="1" ind2="4">
    <subfield code="a">Arte moderno - Exposiciones - Bogot&#xE1;.</subfield>
    <subfield code="9">7454</subfield>
  </datafield>
  <datafield tag="710" ind1=" " ind2=" ">
    <subfield code="a">Instituto distrital de las artes.</subfield>
    <subfield code="9">7457</subfield>
  </datafield>
  <datafield tag="942" ind1=" " ind2=" ">
    <subfield code="2">ddc</subfield>
    <subfield code="c">BK</subfield>
  </datafield>
  <datafield tag="999" ind1=" " ind2=" ">
    <subfield code="c">37740</subfield>
    <subfield code="d">37740</subfield>
  </datafield>
  <datafield tag="952" ind1=" " ind2=" ">
    <subfield code="0">0</subfield>
    <subfield code="1">0</subfield>
    <subfield code="2">ddc</subfield>
    <subfield code="4">0</subfield>
    <subfield code="7">0</subfield>
    <subfield code="8">003</subfield>
    <subfield code="a">MEVIECAR</subfield>
    <subfield code="b">MEVIECAR</subfield>
    <subfield code="d">2016-11-02</subfield>
    <subfield code="l">0</subfield>
    <subfield code="o">709.9861 B177</subfield>
    <subfield code="p">31460</subfield>
    <subfield code="r">2016-11-02 00:00:00</subfield>
    <subfield code="t">Ej. 1</subfield>
    <subfield code="w">2016-11-02</subfield>
    <subfield code="y">BK</subfield>
  </datafield>
</record>
